00362 a2200097 4500001001000000005001700010008004100027245010100068100002700169773006800196ART_3818220260410161803.0260409a 10aImpacto de la sanción del código Civil unificado, en especial sobre las personas jurídicas1 aRodríguez, Raquel E.0 tDoctrina Societaria y Concursalg- Nº 337 (dic. 2015)wREV4298